| 000 | 01104nac a22002891u 4500 | ||
|---|---|---|---|
| 008 | 100915t2003 illa|||fr|||| 001 0 eng d | ||
| 010 | _a 96045255 | ||
| 020 | _a8120318838 | ||
| 020 | _a9788120318830 | ||
| 040 |
_aEG-ScBUE _beng _cEG-ScBUE |
||
| 082 | 0 | 4 |
_a628.3 _bCHE _222 |
| 100 | 1 |
_aCheremisinoff, Nichola _919162 |
|
| 245 | 1 | 0 |
_aBiotechnology for Waste and Wastewater Treatment / _cby Nicholas P. Cheremisinoff. |
| 250 | _a2nd ed | ||
| 260 |
_aNew Delhi : _bNoyes Publications/prentice- hall, _c2003. |
||
| 300 |
_axiv, 231 p. : _bill. ; _c24 cm. |
||
| 500 | _aIndex : p. 225-231. | ||
| 504 | _aBibliography : p. 221-224. | ||
| 590 | _ayassmeen ashraf | ||
| 650 | 0 |
_aSewage _xPurification _xBiological treatment. _919163 _2BUEsh |
|
| 650 | 0 |
_aWater _xPurification _xBiological treatment. _919164 _2BUEsh |
|
| 651 | _2BUEsh | ||
| 653 |
_bDDent _bPPhrm _bNNUR _cAugust2015 |
||
| 856 | 4 | 2 |
_3Publisher description _uhttp://www.loc.gov/catdir/description/wap041/96045255.html |
| 856 | 4 | 2 |
_3Table of contents _uhttp://www.loc.gov/catdir/toc/wap041/96045255.html |
| 942 |
_cBB _k628.3 CHE _2ddc |
||
| 999 |
_c2814 _d2814 |
||